1101 1706 1237 1580 1005 1327 1897 1240 1774 1050 1020 1926 1781 1109 1221 1344 1133 1110 1751 1044 1567 1002 1170 1517 1578 1965 1802 1933 1932 1148 1800 1474 1543 1304 1274 1049 1720 1305 1296 1835 1389 1473 1689 1774 1447 1773 1416 1180 1832 1252 1833 1947 1354 1443 1073 1525 1077 1654 1403 1387 1350 1097 1408 1725 1764 1345 1279 1148 1544 1285 1870 1081 1807 1714 1163 1060 1261 1279 1436 1908 1982 1796 1546 1896 1536 1708 1990 1352 1524 1006 1166 1200 1224 1096 1483 1860 1258 1726 1600 BCNSPRNW ULIB Ver.6.0+V

เปลี่ยนเป็นภาษาไทย

Change to English
 แสดงรายละเอียดบรรณานุกรม
  กลับหน้าหลัก

Brief Record : Get Marc (ISO 2709) : E-mail record : QR code < ปิดหน้าต่าง
LEADER : 00000nam 2200000uu 4500
001    13399125659
003     ULIB
008    170713s2559||||th 000 0 tha d
020    ^a9786161810573
060  0 ^aQV766^bพ237ป
100 0  ^aพรดี จันทรเวชชสมาน^eเรียบเรียง
245 00 ^aประโยชน์มหัศจรรย์ : น้ำมันงา /^cพรดี จันทรเวชชสมาน^eเรียบเรียง
260    ^aกรุงเทพฯ :^bอมรินทร์เฮลท์ อมรินทร์พริ้นติ้งแอนด์พับลิชชิ่ง,^c2559
300    ^a102 หน้า :^bภาพประกอบ ;^c21 ซม.
650  0 ^aพืชน้ำมัน^xงา
650  0 ^aน้ำมันงา
650  0 ^aสมุนไพร^xการปรุงอาหาร(งา)^yการรักษาโรค
650  0 ^aความงาม
945    ^p89^l0^i002648
999    ^aประนอม เกษจรัล
รายการนี้ยังไม่มีแท็ก
คุณยังไม่ได้ล็อกอิน คุณสามารถมีกิจกรรมร่วมกับเว็บไซต์ได้ แต่ต้องล็อกอินก่อน ::
  ล็อกอิน

รายการสื่อสารสนเทศ

ลำดับที่ ประเภท เลขเรียก/บาร์โค้ด สถานที่ สถานะ
1. วิทยาศาสตร์การแพทย์ และสุขภาพ
วิทยาศาสตร์การแพทย์ และสุขภาพ
สถานะ=หนังสือเก่า
QV766 พ237ป ฉ.1 
  Barcode: 002648
ห้องสมุดวิทยาเขตสวรรค์ประชารักษ์
►ส่วนจัดเก็บหนังสือเก่า สปร
บนชั้น
  ขอยืม

รายการใกล้เคียง
    หัวเรื่อง [น้ำมันงา]
    หัวเรื่อง [ความงาม]

BibComment


ยังไม่เคยถูกคอมเมนท์

คอมเมนท์ทรัพยากรรายการนี้
  คอมเมนท์: ประโยชน์มหัศจรรย..


 Copyright 2026. Bcnsprnw @Library